How to talk to bears and other tips for success (Kayıt no. 22763)

MARC ayrıntıları
000 -BAŞLIK
Sabit Uzunluktaki Kontrol Alanı 00590nam a22001937a 4500
003 - KONTROL NUMARASI KİMLİĞİ
Kontrol Alanı koha_MIRAKIL
005 - EN SON İŞLEM TARİHİ ve ZAMANI
Kontrol Alanı 20251016125559.0
008 - SABİT UZUNLUKTAKİ VERİ ÖGELERİ - GENEL BİLGİ
Sabit Alan 251016b eng||||| |||| 00| 0 eng d
020 ## - ISBN - ULUSLARARASI STANDART KİTAP NUMARASI
Isbn 9780673811349
040 ## - KATALOGLAMA KAYNAĞI
Özgün Kataloglama Kurumu TR-IsEVY
Kataloglama Dili tur
Çeviri Kurumu TR-IsEVY
082 ## - DEWEY ONU SINIFLAMA SİSTEMİ
Sınıflama Numarası 420 HOW
245 #0 - ESER ADI BİLDİRİMİ
Başlık How to talk to bears and other tips for success
260 ## - YAYIN, DAĞITIM, VB.
Yayın Yeri Amerika :
Yayınevi Scott Foresman ,
300 ## - FİZİKSEL TANIMLAMA
Sayfa, Cilt vb. 144 p. :
Diğer fiziki detaylar colour pictures ;
Boyutları 23 cm.
490 0# - DİZİ BİLDİRİMİ
Dizi Bildirimi Celebrate Reading .
650 ## - KONU BAŞLIĞI EK GİRİŞ - KONU TERİMİ
Konusal terim veya coğrafi ad English Language.
Alt başlık biçimi English Readers.
650 ## - KONU BAŞLIĞI EK GİRİŞ - KONU TERİMİ
Konusal terim veya coğrafi ad İngiliz Dili.
Alt başlık biçimi İngilizce Okuma Kitapları.
942 ## - EK GİRİŞ ÖGELERİ (KOHA)
Source of classification or shelving scheme Dewey Decimal Classification
Koha item type Kitap
Mevcut
Kayıp Durumu Sınıflandırma Kaynağı Hasarlı Durumu Koleksiyon Kodu Kalıcı Konum Mevcut Konum Kayıt Tarih Edinim Kaynağı Toplam Ödünçverme Yer Numarası Demirbaş Numarası Son Görülme Tarihi Fatura Tarihi Materyal Türü
  Dewey Decimal Classification   İlkokul İLKOKUL KÜTÜPHANESİ İLKOKUL KÜTÜPHANESİ 16/10/2025 Bağış   420 HOW 24182 16/10/2025 16/10/2025 Kitap